Магматическая эволюция Байкало-Муйского вулканоплутонического пояса в позднем докембрии

Podrobná bibliografie
Hlavní autor: Цыганков А. А. Андрей Александрович
Korporativní autor: Российская академия наук (РАН) Сибирское отделение (СО) Бурятский геологический институт (БГИ)
Další autoři: Кузьмин М. И. (редактор)
Shrnutí:Приведены новые данные по геологии, вещественному составу и времени образования магматических комплексов и ассоциаций Байкало-Муйского вулканоплутонического пояса. Впервые обоснована стадийность формирования Байкало-Муйского пояса, выделены три стадии эволюции: океаническая, островодужная, коллизионная. Показано, что островодужные вулканогенные и плутонические образования сформировались на ранне- и позднеостроводужном этапах. Обосновано выделение синколлизионного геодинамического типа многофазных дифференцированных ультрамафит-мафитовых интрузий, разработана петрогенетическая модель их формирования, в основе которой лежит предположение о пространственной и генетической связи ультрамафит-мафитового магматизма региона со структурами присдвигового растяжения земной коры. Установлены геологические, минералого-петрографические и петрогеохимические характеристики, отражающие специфику условий формирования офиолитовой и островодужной ассоциаций Байкало-Муйского пояса в период поздний рифей — венд — ранний кембрий. Книга предназначена для специалистов в области магматической петрологии, региональной геологии и тектоники, а также для аспирантов и студентов старших курсов вузов геологического профиля.
Jazyk:ruština
Vydáno: Новосибирск, Изд-во СО РАН, 2005
Témata:
Médium: MixedMaterials Kniha
KOHA link:https://koha.lib.tpu.ru/cgi-bin/koha/opac-detail.pl?biblionumber=88054

MARC

LEADER 00000nam0a2200000 4500
001 88054
005 20231031102506.0
010 |a 5769207671 
035 |a (RuTPU)RU\TPU\book\94533 
090 |a 88054 
100 |a 20051220d2005 km y0rusy50 ca 
101 0 |a rus 
102 |a RU 
105 |a a z 001zy 
200 1 |a Магматическая эволюция Байкало-Муйского вулканоплутонического пояса в позднем докембрии  |f А. А. Цыганков  |g Сибирское отделение РАН; Геологический институт; под ред. М. И. Кузьмина 
210 |a Новосибирск  |c Изд-во СО РАН  |d 2005 
215 |a 306 с.  |c ил. 
320 |a Библиогр.: с. 287-303. 
330 |a Приведены новые данные по геологии, вещественному составу и времени образования магматических комплексов и ассоциаций Байкало-Муйского вулканоплутонического пояса. Впервые обоснована стадийность формирования Байкало-Муйского пояса, выделены три стадии эволюции: океаническая, островодужная, коллизионная. Показано, что островодужные вулканогенные и плутонические образования сформировались на ранне- и позднеостроводужном этапах. Обосновано выделение синколлизионного геодинамического типа многофазных дифференцированных ультрамафит-мафитовых интрузий, разработана петрогенетическая модель их формирования, в основе которой лежит предположение о пространственной и генетической связи ультрамафит-мафитового магматизма региона со структурами присдвигового растяжения земной коры. Установлены геологические, минералого-петрографические и петрогеохимические характеристики, отражающие специфику условий формирования офиолитовой и островодужной ассоциаций Байкало-Муйского пояса в период поздний рифей — венд — ранний кембрий. Книга предназначена для специалистов в области магматической петрологии, региональной геологии и тектоники, а также для аспирантов и студентов старших курсов вузов геологического профиля. 
610 1 |a геология 
610 1 |a Байкало-Муйский вулканоплутонический пояс 
610 1 |a магматическая эволюция 
610 1 |a поздний докембрий 
610 1 |a магматизм 
610 1 |a тектоническая структура 
610 1 |a офиолитовая ассоциация 
610 1 |a островодужная ассоциация 
610 1 |a офиолиты 
610 1 |a геологическое строение 
675 |a 552.3(571.5)  |v 3 
700 1 |a Цыганков  |b А. А.  |g Андрей Александрович 
702 1 |a Кузьмин  |b М. И.  |4 340 
712 0 2 |a Российская академия наук (РАН)  |b Сибирское отделение (СО)  |b Бурятский геологический институт (БГИ)  |c (Улан-Удэ)  |2 stltpush  |3 (RuTPU)RU\TPU\col\182 
801 1 |a RU  |b 63413507  |c 20051220  |g PSBO 
801 2 |a RU  |b 63413507  |c 20151119  |g PSBO 
942 |c BK 
959 |a 113/20051219  |d 1  |e 290  |f НФ:1